Niektoré druhy podvodov a nekalého konania v organizáciách
Niektoré z najčastejších druhov a foriem podvodov, ktoré sa vyskytujú v organizáciách a účtovných jednotkách a možnosti ich odhaľovania a riešenia. Zamedzenie vzniku podvodu a zavedenie programu prevencie.
Salvato in:
| Autore principale: | |
|---|---|
| Natura: | Capitolo di libro |
| Lingua: | slovacco |
| Soggetti: | |
| Tags: |
Nessun Tag, puoi essere il primo ad aggiungerne!!
|
MARC
| LEADER | 00000nla a2200000 4500 | ||
|---|---|---|---|
| 001 | 0196951 | ||
| 005 | 20240502073324.4 | ||
| 041 | 0 | |a slo | |
| 044 | |a SK | ||
| 245 | 1 | 0 | |a Niektoré druhy podvodov a nekalého konania v organizáciách |c Zuzana Staríčková |
| 520 | |a Niektoré z najčastejších druhov a foriem podvodov, ktoré sa vyskytujú v organizáciách a účtovných jednotkách a možnosti ich odhaľovania a riešenia. Zamedzenie vzniku podvodu a zavedenie programu prevencie. | ||
| 610 | 2 | 0 | |a jednotka účtovná |
| 610 | 2 | 0 | |a informácie účtovné |
| 610 | 2 | 0 | |a vedenie účtovníctva |
| 610 | 2 | 0 | |a doklady účtovné |
| 610 | 2 | 0 | |a podvody |
| 610 | 2 | 0 | |a prevencia |
| 610 | 2 | 0 | |a účtovníctvo |
| 100 | 1 | |a Staríčková, Zuzana | |